000 00732cam a2200253 a 4500
001 729428
005 20180308034159.0
008 980728s1998 caua 001 0 eng d
010 _a 98071158
020 _a0764532189
035 _a(OCoLC)39858450
040 _aCL
_cCL
_dDLC
041 _aeng
042 _alccopycat
080 _a005.7137
082 0 0 _a005.7137 KAB
_221
100 1 _a30
101 _aSHKI
245 1 0 _aApache server bible /
_cMohammed J. Kabir.
906 _a7
_bcbc
_ccopycat
_d2
_eopcn
_f19
_gy-gencatlg
942 _2ddc
_cBK
999 _c44384
_d44384